| 000 | 01032nam a2200229 4500 | ||
|---|---|---|---|
| 005 | 20250325120055.0 | ||
| 008 | 250325b |||||||| |||| 00| 0 eng d | ||
| 020 | _a9781529214598 | ||
| 037 | _cTextual | ||
| 040 |
_aRTL _cRTL |
||
| 084 |
_aR39(Y)xN00 R3 _qRTL |
||
| 100 |
_aMclaughlin, Neil _9747501 |
||
| 245 | _aErich fromm and global public sociology | ||
| 260 |
_aUK _bBristol university press _c2023 |
||
| 300 |
_axiv, 296p. _bIncludes notes, references and index |
||
| 490 | _aPublic sociology | ||
| 520 | _aAs the rise of global right-wing populism and Trumpism creates new interest in psycho-social writing and popular sociology, this timely book tells the story of the rise, fall and contemporary revival of the theories of Erich Fromm, a 1930s influential and creative public intellectual. | ||
| 650 |
_aSociology: General Interest _9747502 |
||
| 650 |
_aSociology _9747503 |
||
| 650 |
_aHistory of the Social and Behavioral Sciences _9747504 |
||
| 942 |
_2CC _n0 _cTB _hR39(Y)xN00 R3 |
||
| 999 |
_c1269235 _d1269235 |
||